30 plus grand nombre de cartons rouges en LDC - Statistiques

Statistiques générales
  • Ce quiz a été pris 183 fois
  • Le résultat moyen est 14 sur 30
Statistiques - réponses
Classement: Pays: Club: Nb de carton rouge: % Correct
3 ALL Bayern 26
95%
4 ESP Real Madrid 24
95%
2 POR Porto 26
94%
1 ITA Juventus 28
93%
7 POR Benfica 20
88%
5 ITA Inter Milan 23
88%
16 ESP Barcelone 17
81%
6 ENG Arsenal 20
80%
26 ENG Chelsea 14
80%
22 ITA AC Milan 15
79%
11 ESP Atlético Madrid 18
62%
12 TUR Galatasaray 18
62%
30 FRA Marseille 13
59%
13 P-B PSV 18
58%
18 ECO Rangers 16
41%
15 TUR Fenerbahçe 17
37%
29 FRA Monaco 14
37%
28 BEL Anderlecht 14
32%
10 CRO Dinamo Zagreb 18
31%
27 RUS Zenit 14
30%
8 ENG Man United 19
13%
14 GRE Olympiacos 18
9%
17 UKR Shakhtar Donetsk 16
9%
24 BUL Ludogorets 15
6%
9 UKR Dynamo Kyiv 18
5%
25 MDA Sheriff Tiraspol 14
4%
19 POR Sporting CP 15
4%
21 ROU FCSB 15
1%
20 RUS Spartak Moskva 15
1%
23 TCH Sparta Praha 15
1%
Aucun quiz correspondant
Distribution des résultats
% des personnes avec chaque résultat
Percentile par nombre de réponses
Votre historique - résultats
Vous n’avez pas pris ce quiz